000 00831cab a22002295a 4500
001 L154362
008 111118e20111118xxk 000 0 eng d
035 _a(Sirsi) u154362
041 0 _aeng
100 1 _aPitt, Vern
245 0 0 _aClient feedback
260 _c2011
490 _aBuilding
_v276 (8704) 18 November 2011, 22-23(2)
520 _aAnalyses the results of the recent Constructionline Building Index survey; looks at the take-up and importance of BIM, construction budgets, and methods of tendering for construction work. The survey questionnaire was completed principally by public sector and housing association clients.
590 _aKA
650 _aBIM
_96219
650 2 4 _aBUILDING INFORMATION MODELLING
651 4 _aUnited Kingdom
_y
690 _aProcurement-old
690 _aBIM
_96219
942 _n0
999 _c83593
_d83593